|
|
|
|
| LEADER |
00000ngm a22000007a 4500 |
| 001 |
030920 |
| 003 |
UAHC_CL |
| 005 |
20190513122049.0 |
| 008 |
130506s2011 us 130 e vleng d |
| 952 |
|
|
|0 0
|1 0
|2 ddc
|4 0
|6 DVD_979
|7 0
|8 COMP
|9 92065
|a BS
|b BS
|c General
|d 2019-05-13
|o DVD-979
|p 1443353
|r 2021-12-01 00:00:00
|t c. 1
|w 2019-05-13
|y DVD
|
| 999 |
|
|
|c 52099
|d 52099
|
| 040 |
|
|
|a UAHC_CL
|c UAHC_CL
|d UAHC_CL
|
| 245 |
1 |
3 |
|a Everest
|c Baltasar Kormákur.
|
| 260 |
|
|
|a Estados Unidos:
|b M&M,
|c 2015
|
| 300 |
|
|
|a 1 videodisco (118 min.)
|
| 520 |
|
|
|a Inspirada en los hechos que tuvieron lugar durante un intento por alcanzar el pico más alto del mundo, narra las peripecias de dos expediciones que se enfrentan a la peor tormenta de nieve conocida. En un desesperado esfuerzo por sobrevivir, el temple de los alpinistas se ve puesto a prueba al tener que enfrentarse a la furia desatada de los elementos y a obstáculos casi insuperables.
|
| 650 |
|
0 |
|a Películas cinematográficas
|9 3377
|z Estados Unidos
|
| 700 |
|
|
|a Kormákur, Baltasar
|9 7919
|e dir.
|
| 900 |
|
|
|a DVD-979
|
| 942 |
|
|
|c DVD
|2 ddc
|